000 00491nam a22001697a 4500
005 20231027063534.0
008 231026b |||||||| |||| 00| 0 eng d
020 _a0409047341
041 _aEnglish
082 _a346.7 OTT
100 _aOtto, JM
_lEnglish
245 _aCredit Law Service /
_cJM Otto
260 _aDurban :
_bButterworths Publishers (Pty) Ltd,
_c1991
300 _bxiii,111 pages ;
_c26 cm.
650 _aLegal practice
_bLaw
942 _cBK
_6ALISON_BN_VRIES
999 _c98
_d98